000 01348cam a2200241 4500
001 ABS64613
008 010926n 000 0 eng u
035 _a(Sirsi) u114861
100 _aO'Keefe, J.
245 _aConsultation on Landfill Directive
260 _ac $2 001
490 _aWastes Management
_vSeptember 2001, 55-56(2)
520 _aOn 8 August 2001 DEFRA published its second consultation paper on EC Directive 1999/31/EC on the Landfill of Waste. The consultation paper focuses on how government intends to implement the Landfill Directive, and contains a set of draft regulations (the "Landfill [England and Wales] Regulations 2001). Discusses the content of the consultation paper, and some of the key issues it raises. Notes that government is particularly keen to receive industry opinion on the proposed bans on the landfilling of certain substances, national waste acceptance criteria and procedures, and the management of hazardous waste sites. Responses must reach DEFRA by 26 October 2001.
590 _aABS
650 _aCONSULTATION PAPER
650 _aLANDFILL
650 _aEU DIRECTIVE
650 _aENVIRONMENTAL PROTECTION ACT 1990
650 _aPOLLUTION PREVENTION AND CONTROL REGULATIONS 2000
690 _aENVIRONMENTAL AND LAND CONSULTANCY-WASTE MANAGEMENT
700 _aBoileau, S.
942 _n0
999 _c68391
_d68391